| 000 | 01392cam a22003737a 4500 | ||
|---|---|---|---|
| 003 | CHAP | ||
| 005 | 20220329133702.0 | ||
| 008 | 971013s1993 r 00010 d | ||
| 010 | _a9473 | ||
| 011 | _a10445 | ||
| 035 | _a9682 | ||
| 040 | _cCHAP | ||
| 090 | _aFolleto 14274 | ||
| 100 | 0 | 0 |
_aVictorino Ramírez, Liberio. _9119091 |
| 245 | 1 | 3 | _aLa investigación y el servicio en la preparatoria 1988-1991 |
| 260 |
_aChapingo, Méx. : _bUACH. Departamento de Preparatoria Agrícola, _c1993 |
||
| 300 | _a41 p. | ||
| 490 | 0 |
_aCuadernos de formación de investigadores _v; 2 |
|
| 590 |
_aBATCH-UPD _b10 _c20130110 _lUCH01 _h1340 |
||
| 590 |
_aBATCH-UPD _b10 _c20130410 _lUCH01 _h0841 |
||
| 590 |
_aBATCH-UPD _b10 _c20130914 _lUCH01 _h1240 |
||
| 590 |
_aBATCH-UPD _b10 _c20140805 _lUCH01 _h1143 |
||
| 590 |
_aCONVERSION _b10 _c20130109 _lUCH01 _h1306 |
||
| 650 | 1 | 4 |
_aAgricultura _xInvestigación. _91577 |
| 650 | 1 | 4 |
_aEducación agrícola _xFormación de profesores. _935519 |
| 650 | 1 | 4 |
_aFormación de profesores. _942392 |
| 830 | 0 |
_aCuadernos de formación de investigadores _v; 2 _929781 |
|
| 901 | _aBK | ||
| 942 | _cFOLL | ||
| 949 |
_aFolleto 14274 _bBC _cFOLL _d-20682 _eTS1 _i9682 _mD _si |
||
| 949 |
_aFolleto 14274 _bBC _cFOLL _d-20683 _eTS2 _fc.2 _i9682 _mD _si |
||
| 949 |
_aFolleto 14274 _bBC _cFOLL _d-20684 _eTS2 _fc.3 _i9682 _mD _si |
||
| 949 |
_aFolleto 14274 _bBC _cUACH _d-20685 _eUACH _fc.4 _i9682 _mD _si |
||
| 999 |
_c9473 _d9473 |
||